000 nam a22 a 4500
999 _c61709
_d61709
003 BLK
005 20210315145523.0
008 180408b bul|||||r ||||||| ||bul||
010 _aKNG00065915000
040 _aBLK
041 _aRUS
_cRUS
080 _aОбщи енциклопедии. Енциклопедични речници. Научни справочници. Отраслови енциклопедии и справочници се класират в съответните отдели с определител за форма
_b03
_z03
139 _aЕжегодник Большой советской энциклопедии
_bЕ 35
245 1 0 _aЕжегодник Большой советской энциклопедии
_bВып. 1 -
_cглав. ред. Виктор Георгиевич Панов.
_nВып. 25
_p1981
257 _aSUN
260 _bСов. Энциклопедия
_c1957 -
300 _c31 см
380 _a0
700 1 _aПанов, Виктор Георгиевич
_eглав. ред.
_9290496
760 1 _d1981
_h624 с. : с ил., 4 л. ил.
_tВып. 25 1981
_aЕжегодник Большой советской энциклопедии
852 _aЦб ІІ 29829
_bЦб
856 4 _qpdf
856 4 _qpdf
942 _cKNG
_n0
_s1
944 _aCR
_c13.06.2004
_kНаталия_Медовщикова
944 _aED
_c2021-03-15
_kГеновева_Генчева
999 _d61709